| 000 | 00924nac a22002657a 4500 | ||
|---|---|---|---|
| 001 | BR7903644 | ||
| 003 | BR-BrBNA | ||
| 005 | 20240105114436.0 | ||
| 008 | 230509b bl.|||m| |||| 00| 0 por d | ||
| 040 |
_aBR-BrBNA _bpor _cBiblioteca Nacional de Agricultura |
||
| 072 | _aF30; F00 | ||
| 090 | _a0336 BR7903644 | ||
| 110 | 1 |
_aCentro Nacional de Pesquisa de Soja, Londrina, PR (Brasil) _91793 |
|
| 245 | 1 | _aCultivares, epocas de semeadura, populacoes, densidades e espacamento de soja, recomendados para o Estado do Parana. Ano agricola 1979/80 [Glycine max, Brasil] | |
| 260 | 3 |
_aLondrina, PR (Brasil): _c1979. |
|
| 300 | _a7 p. | ||
| 490 |
_aComunicado Tecnico - Centro Nacional de Pesquisa de Soja (Brazil) _vno. 3 _x |
||
| 650 | _aSOJA | ||
| 650 | _aVARIEDADE | ||
| 650 | _aSEMEADURA | ||
| 650 | _aESPACAMENTO | ||
| 650 | _aPARANA | ||
| 909 |
_a202312 _bLúcia Elande _c55 _dLúcia Elande |
||
| 942 |
_2AGRIS _n0 _cMS |
||
| 999 |
_c269380 _d269380 |
||